|
|
|
|
| LEADER |
00000nam0a2200000 4500 |
| 001 |
130723 |
| 005 |
20260122162819.0 |
| 035 |
|
|
|a (RuTPU)RU\TPU\book\141592
|
| 090 |
|
|
|a 130723
|
| 100 |
|
|
|a 20080207d1987 m y0rusy5003 ca
|
| 101 |
1 |
|
|a rus
|c cze
|
| 102 |
|
|
|a RU
|
| 105 |
|
|
|a a z 000ay
|
| 200 |
1 |
|
|a Сатирический детектив; Сказки
|e Пер. с чеш.
|f К. Чапек
|g авт. послесл. и примеч. О. Малевич ; худож. М. Клячко
|
| 210 |
|
|
|a Москва
|c Правда
|d 1987
|
| 215 |
|
|
|a 432 с.
|c ил.
|d 20 см
|
| 225 |
1 |
|
|a Мир приключений
|
| 327 |
1 |
|
|a Содерж.: Разделы: Рассказы из одного кармана; Рассказы из другого кармана; Сказки
|
| 606 |
|
|
|a Чешская литература
|9 88014
|
| 610 |
1 |
|
|a художественная литература
|
| 610 |
1 |
|
|a рассказы
|
| 610 |
1 |
|
|a сказки
|
| 675 |
|
|
|a 885
|v 4
|
| 700 |
|
1 |
|a Чапек
|b К.
|c чешский писатель-сатирик
|f 1880-1938
|g Карел
|3 (RuTPU)RU\TPU\pers\17083
|9 6223
|
| 702 |
|
1 |
|a Малевич
|b О.
|4 075
|
| 702 |
|
1 |
|a Клячко
|b М.
|4 440
|
| 801 |
|
0 |
|a RU
|b RuMRKP
|c 19950417
|g psbo
|
| 801 |
|
1 |
|a RU
|b 63413507
|c 20080207
|g PSBO
|
| 801 |
|
2 |
|a RU
|b 63413507
|c 20080619
|g PSBO
|
| 942 |
|
|
|c BK
|